A cooperative approach to local economic development (Record no. 11084)
[ view plain ]
| 000 -LEADER | |
|---|---|
| fixed length control field | 00310nam a22001217a 4500 |
| 040 ## - CATALOGING SOURCE | |
| Transcribing agency | HS |
| 082 ## - DEWEY DECIMAL CLASSIFICATION NUMBER | |
| Classification number | 334 MER 2001 C086 |
| 100 ## - MAIN ENTRY--AUTHOR NAME | |
| Personal name | CHRISTOPHER D. MERRETT |
| 245 ## - TITLE STATEMENT | |
| Title | A cooperative approach to local economic development |
| 260 ## - PUBLICATION, DISTRIBUTION, ETC. (IMPRINT) | |
| Place of publication | Lodon |
| Name of publisher | CHRISTOPHER D. MERRETT |
| Year of publication | 2001 |
| 300 ## - PHYSICAL DESCRIPTION | |
| Number of Pages | 197p; |
| 942 ## - ADDED ENTRY ELEMENTS (KOHA) | |
| Koha item type | សៀវភៅភាសាអង់គ្លេស |
| 952 ## - LOCATION AND ITEM INFORMATION (KOHA) | |
| Withdrawn status [LOCAL, KOHA] | 0 |
| Permanent Location | Date acquired | Koha item type | Lost status | Shelving location | Barcode | Current Location | Full call number |
|---|---|---|---|---|---|---|---|
| Library Block C | 2017-02-15 | សៀវភៅភាសាអង់គ្លេស | C190 | A04881 | Library Block C | 334 MER 2001 C190 |